| 000 | 00510nam a2200181Ia 4500 | ||
|---|---|---|---|
| 008 | 240925s9999 xx 000 0 und d | ||
| 020 | _a9788173197246 | ||
| 082 | _a621.3822 NAI | ||
| 100 | _aNaidu ,Prabhakar . S | ||
| 245 | 0 | _aModern Digital Signal Processing An Introduction | |
| 250 | _aNA | ||
| 260 |
_aNew Delhi: _bNarosa Publishing House _c,2006. |
||
| 300 |
_axx,919p. _bNA _fPhotocopy |
||
| 500 | _aIncludes Index | ||
| 600 | _aTelecommunication Engineering | ||
| 650 | _aTechnology | ||
| 942 | _cBK | ||
| 999 |
_c9783 _d9783 |
||